| 000 | 00383nam a22001457a 4500 | ||
|---|---|---|---|
| 005 | 20200619143114.0 | ||
| 008 | 200619b xxu||||| |||| 00| 0 eng d | ||
| 082 | _a345.4 LIC | ||
| 110 |
_aALL INDIA REPORTER _96227 |
||
| 245 | _aLABOUR AND INDUSTRIAL CASES [19975] V-8 | ||
| 260 |
_aMUMBAI _bALL AINDI REPORTER Pvt.Ltd _c1975 |
||
| 300 | _a1760 | ||
| 650 |
_aLAW _95701 |
||
| 942 | _cJRL | ||
| 999 |
_c7323 _d7321 |
||